<?xml version="1.0" encoding="UTF-8"?>
<collection xmlns="http://www.loc.gov/MARC21/slim">
    <record>
        <controlfield tag="001">31267</controlfield>
        <controlfield tag="005">20150429091751.0</controlfield>
        <datafield tag="037" ind1=" " ind2=" ">
            <subfield code="a">TAZ-TFG-2014-1244</subfield>
        </datafield>
        <datafield tag="041" ind1=" " ind2=" ">
            <subfield code="a">spa</subfield>
        </datafield>
        <datafield tag="100" ind1="1" ind2=" ">
            <subfield code="a">Sistac Marina, Sergio</subfield>
        </datafield>
        <datafield tag="245" ind1="0" ind2="0">
            <subfield code="a">La navegación mediterránea en la Antigüedad: Arqueología e iconografía</subfield>
        </datafield>
        <datafield tag="260" ind1=" " ind2=" ">
            <subfield code="a">Zaragoza</subfield>
            <subfield code="b">Universidad de Zaragoza</subfield>
            <subfield code="c">2014</subfield>
        </datafield>
        <datafield tag="506" ind1=" " ind2=" ">
            <subfield code="a">by-nc-sa</subfield>
            <subfield code="b">Creative Commons</subfield>
            <subfield code="c">3.0</subfield>
            <subfield code="u">http://creativecommons.org/licenses/by-nc-sa/3.0/</subfield>
        </datafield>
        <datafield tag="520" ind1=" " ind2=" ">
            <subfield code="a">La historia de la aparición de las primeras técnicas de navegación y su desarrollo durante época antigua ha suscitado un importante interés por parte de los investigadores a lo largo del tiempo y continúa siendo así hoy en día. Por lo general, el estudio sobre este tema se ha llevado a cabo atendiendo a la información aportada por diversas fuentes como la arqueología o la iconografía. El principal problema con el que se encuentra el historiador a la hora de investigar sobre esta cuestión es la falta de evidencias directas que la arqueología no ha sido capaz de aportar, algo que está cambiando en los últimos años gracias al impulso dado y al buen estado de salud del que está gozando la arqueología subacuática desde las últimas décadas del siglo XX. En concreto, este trabajo centra su foco de atención exclusivamente en el ámbito mediterráneo y  versa sobre la evolución de que se produjo en la práctica de la navegación, desde la aparición de las primeras y muy rudimentarias embarcaciones prehistóricas, hasta la perdida de hegemonía del Imperio Romano sobre los mares de la cuenca mediterránea, atendiendo a la información que tanto la iconografía como la arqueología nos aportan sobre este tema. El análisis llevado a cabo en este trabajo comienza con un breve repaso al origen de los ingenios náuticos primigenios como forma de introducción al análisis de los diferentes tipos de embarcaciones de madera que surcaron las aguas del Mediterráneo a partir del II milenio a.C. La principal diferencia que existe entre el grueso de estas embarcaciones a partir de ese momento es el tipo de propulsión empleado. En concreto, estas se dividen en dos grupos: navíos de propulsión mixta, que conjugan la utilización del velamen con la fuerza motriz de los remos; y naves de transporte, cuyas proporciones son mayores y que cuentan únicamente con el empuje generado por una vela. Finalmente, las infraestructuras portuarias fueron una pieza clave en la práctica de la navegación en la Antigüedad por lo que también son motivo de análisis en este estudio.</subfield>
        </datafield>
        <datafield tag="521" ind1=" " ind2=" ">
            <subfield code="a">Graduado en Historia</subfield>
        </datafield>
        <datafield tag="540" ind1=" " ind2=" ">
            <subfield code="a">Derechos regulados por licencia Creative Commons</subfield>
        </datafield>
        <datafield tag="653" ind1="1" ind2=" ">
            <subfield code="a">arqueología subacuática</subfield>
        </datafield>
        <datafield tag="653" ind1="1" ind2=" ">
            <subfield code="a">navegación </subfield>
        </datafield>
        <datafield tag="653" ind1="1" ind2=" ">
            <subfield code="a">mediterráneo</subfield>
        </datafield>
        <datafield tag="653" ind1="1" ind2=" ">
            <subfield code="a">historia antigua</subfield>
        </datafield>
        <datafield tag="700" ind1=" " ind2=" ">
            <subfield code="a">Martín López, Alejandro</subfield>
            <subfield code="e">dir.</subfield>
        </datafield>
        <datafield tag="710" ind1="2" ind2=" ">
            <subfield code="a">Universidad de Zaragoza</subfield>
            <subfield code="b">Ciencias de la Antigüedad</subfield>
            <subfield code="c">Arqueología</subfield>
        </datafield>
        <datafield tag="856" ind1="0" ind2=" ">
            <subfield code="f">625997@celes.unizar.es</subfield>
        </datafield>
        <datafield tag="856" ind1="4" ind2=" ">
            <subfield code="s">5194629</subfield>
            <subfield code="u">http://zaguan.unizar.es/record/31267/files/TAZ-TFG-2014-1244.pdf</subfield>
            <subfield code="y">Memoria (spa)</subfield>
            <subfield code="z">Memoria (spa)</subfield>
        </datafield>
        <datafield tag="909" ind1="C" ind2="O">
            <subfield code="o">oai:zaguan.unizar.es:31267</subfield>
            <subfield code="p">driver</subfield>
            <subfield code="p">trabajos-fin-grado</subfield>
        </datafield>
        <datafield tag="950" ind1=" " ind2=" ">
            <subfield code="a"></subfield>
        </datafield>
        <datafield tag="951" ind1=" " ind2=" ">
            <subfield code="a">deposita:2015-04-21</subfield>
        </datafield>
        <datafield tag="980" ind1=" " ind2=" ">
            <subfield code="a">TAZ</subfield>
            <subfield code="b">TFG</subfield>
            <subfield code="c">FFYL</subfield>
        </datafield>
    </record>

    
</collection>